000 00916nam a22002897a 4500
001 6851
003 FISKH
005 20250603105038.0
008 250603b cb ||||| |||| 00| 0 eng d
020 _a9780545537988
040 _aFISKH
_beng
_cFISKH
_dFISKH
050 _aTL547 .H6165
082 _a629.13
100 _aHodgkins, Fran
245 _aHow people learned to fly /
_cby Fran Hodgkins ; illustrated by True Kelly
250 _aFirst Scholastic printing, December 2012
260 _aNew York :
_bScholastic,
_c2007
300 _a33 pages :
_bcolor illustrations ;
_c21 x​ 23 cm
505 _aN
520 _aA simple look at the trials and errors that led to the development of the airplane.
521 8 _a550
_bLexile
521 8 _aN
_bRaz-Plus
650 _aAirplane
_vScience
_xPicture Book
700 _aKelly, True
_eillustrator
942 _2ddc
_cBK
_n0
999 _c6851
_d6851